UNIX : THE COMPLETE REFERENCE (Record no. 402110)

MARC details
000 -LEADER
fixed length control field 00439nam a2200181Ia 4500
008 - FIXED-LENGTH DATA ELEMENTS--GENERAL INFORMATION
fixed length control field 230512s9999 xx 000 0 und d
041 ## - LANGUAGE CODE
Language code of text/sound track or separate title eng
082 ## - DEWEY DECIMAL CLASSIFICATION NUMBER
Classification number 5.432
100 ## - MAIN ENTRY--PERSONAL NAME
Personal name ROSEN K.H / HOST D.A / FARBER J.M
245 ## - TITLE STATEMENT
Title UNIX : THE COMPLETE REFERENCE
250 ## - EDITION STATEMENT
Edition statement 1
260 ## - PUBLICATION, DISTRIBUTION, ETC.
Name of publisher, distributor, etc. T M H PUB. CO. NEW DELHI 110008
300 ## - PHYSICAL DESCRIPTION
Extent 1302
365 ## - TRADE PRICE
Price amount 382
500 ## - GENERAL NOTE
General note Paper Back
520 ## - SUMMARY, ETC.
Summary, etc. Reference Copy
650 ## - SUBJECT ADDED ENTRY--TOPICAL TERM
Topical term or geographic name entry element Computer
Holdings
Withdrawn status Lost status Damaged status Not for loan Home library Current library Shelving location Date acquired Source of acquisition Cost, normal purchase price Serial Enumeration / chronology Total Checkouts Full call number Barcode Date last seen Price effective from Koha item type
        Institute of Management, Kolhapur Institute of Management, Kolhapur   10/01/2002 MEHTA BOOK SALES, PUNE 450.00 15   5.432 MCK-6588 22/05/2023 22/05/2023 Book